Chemical analysis of industrial water
Αποθηκεύτηκε σε:
| Κύριος συγγραφέας: | |
|---|---|
| Μορφή: | Βιβλίο |
| Γλώσσα: | English |
| Δημοσίευση: |
New York :
Chemical,
1969
|
| Θέματα: | |
| Ετικέτες: |
Προσθήκη ετικέτας
Δεν υπάρχουν, Καταχωρήστε ετικέτα πρώτοι!
|
MARC
| LEADER | 00000nam a2200000 i 4500 | ||
|---|---|---|---|
| 001 | 1/84327 | ||
| 008 | 960723s1969 eng d | ||
| 020 | |z 0-8206-0071-2 | ||
| 035 | |l 10006004 | ||
| 040 | |a GR-MY-UA |b gre |e aacr | ||
| 041 | 0 | |a eng | |
| 082 | 0 | |a 628.54 | |
| 100 | 1 | |a McCoy, James P. | |
| 245 | 1 | 0 | |a Chemical analysis of industrial water |
| 260 | |a New York : |b Chemical, |c 1969 | ||
| 300 | |a 292 p. | ||
| 650 | 0 | 0 | |a Industrial water supply. |
| 650 | 0 | 0 | |a Water |x Analysis. |
| 650 | 0 | 0 | |a Feed-water purification. |
| 650 | 0 | 0 | |a Steam-boilers |x Incrustations. |
| 852 | |a INST |b LESVOS |e 19960723 |h 628.54 MCC |p 005100005679 |q 005100005679 |t BK |y 0 | ||
| 909 | |a Λ |b 008451 | ||